[Event "21st Dubai Open 2019"]
[Site "Dubai"]
[Date "2019.04.09"]
[Round "9.16"]
[White "Raghunandan, Kaumandur Srihari"]
[Black "Chanda, Sandipan"]
[Result "1-0"]
[WhiteElo "2370"]
[BlackElo "2521"]
[Annotator "ChessBase"]
[PlyCount "103"]
[EventDate "2019.04.01"]
[EventType "swiss"]
[EventCountry "UAE"]
[SourceTitle "playchess.com"]
[Source "ChessBase"]
[SourceQuality "1"]
[TimeControl "5400+30"]

1. e4 {[%emt 0:00:00]} c6 {[%emt 0:00:00]} 2. d4 {[%emt 0:00:00]} d5 {[%emt 0:00:00]} 3. e5 {[%emt 0:00:00]} c5 {[%emt 0:00:00]} 4. dxc5 {[%emt 0:00:06]} e6 {[%emt 0:00:06]} 5. a3 {[%emt 0:01:01]} Bxc5 {[%emt 0:00:09]} 6. Nf3 {[%emt 0:00:04]} Ne7 {[%emt 0:00:13]} 7. b4 {[%emt 0:01:03]} Bb6 {[%emt 0:00:06]} 8. Bb2 {[%emt 0:00:11]} Nbc6 {[%emt 0:01:12]} 9. Bd3 {[%emt 0:00:15]} Ng6 {[%emt 0:00:15]} 10. O-O {[%emt 0:00:12]} Nf4 {[%emt 0:00:08]} 11. c4 {[%emt 0:00:20]} Bc7 {[%emt 0:00:07]} 12. Re1 {[%emt 0:14:41]} dxc4 {[%emt 0:00:14]} 13. Bxc4 {[%emt 0:00:13]} Qxd1 {[%emt 0:00:08]} 14. Rxd1 {[%emt 0:00:07]} Ng6 {[%emt 0:00:08]} 15. Re1 {[%emt 0:00:41]} O-O {[%emt 0:00:08]} 16. Nbd2 {[%emt 0:02:50]} Rd8 {[%emt 0:00:08]} 17. Nb3 {[%emt 0:10:52]} a5 {[%emt 0:03:32]} 18. b5 {[%emt 0:00:33]} a4 {[%emt 0:02:32]} 19. Nc5 {[%emt 0:00:17]} Bb6 {[%emt 0:04:52]} 20. Ne4 {[%emt 0:01:31]} Na5 {[%emt 0:02:41]} 21. Bf1 {[%emt 0:01:16]} Bd7 {[%emt 0:11:48]} 22. Nd6 {[%emt 0:05:49]} Bc5 {[%emt 0:13:27]} 23. Rad1 {[%emt 0:02:27]} Bxd6 {[%emt 0:03:52]} 24. Rxd6 {[%emt 0:05:54]} Be8 {[%emt 0:00:28]} 25. Re4 {[%emt 0:25:00]} Rxd6 {[%emt 0:01:58]} 26. exd6 {[%emt 0:00:06]} Nb3 {[%emt 0:00:13]} 27. Rc4 {[%emt 0:05:00]} Bxb5 {[%emt 0:25:16]} 28. Rc7 {[%emt 0:00:07]} Bxf1 {[%emt 0:00:39]} 29. d7 {[%emt 0:05:41]} Ne7 {[%emt 0:00:07]} 30. Kxf1 {[%emt 0:00:05]} Rd8 {[%emt 0:00:08]} 31. Nd4 {[%emt 0:18:08]} b6 {[%emt 0:00:27]} 32. Bc3 {[%emt 0:00:49]} Nc5 {[%emt 0:00:19]} 33. Bb4 {[%emt 0:00:18]} Kf8 {[%emt 0:00:19]} 34. Nc6 {[%emt 0:00:20]} Rxd7 {[%emt 0:03:48]} 35. Rxd7 {[%emt 0:00:05]} Nxd7 {[%emt 0:00:03]} 36. Bxe7+ {[%emt 0:00:07]} Ke8 {[%emt 0:00:12]} 37. Ke2 {[%emt 0:00:43]} Nb8 {[%emt 0:01:02]} 38. Nxb8 {[%emt 0:00:07]} Kxe7 {[%emt 0:00:04]} 39. Kd3 {[%emt 0:00:38]} Kd6 {[%emt 0:00:04]} 40. Kc4 {[%emt 0:00:08]} e5 {[%emt 0:00:14]} 41. Na6 {[%emt 0:00:28]} f5 {[%emt 0:00:18]} 42. Nb4 {[%emt 0:00:05]} g5 {[%emt 0:00:25]} 43. Kb5 {[%emt 0:01:35]} e4 {[%emt 0:00:13]} 44. Kxb6 {[%emt 0:00:12]} f4 {[%emt 0:00:55]} 45. Kb5 {[%emt 0:00:12]} Ke5 {[%emt 0:01:02]} 46. Kxa4 {[%emt 0:00:08]} f3 {[%emt 0:02:20]} 47. gxf3 {[%emt 0:00:23]} exf3 {[%emt 0:00:02]} 48. Kb3 {[%emt 0:00:10]} h5 {[%emt 0:00:21]} 49. Kc3 {[%emt 0:00:13]} h4 {[%emt 0:00:50]} 50. Kd3 {[%emt 0:00:50]} Kf4 {[%emt 0:00:09]} 51. a4 {[%emt 0:00:30]} g4 {[%emt 0:00:06]} 52. a5 {[%emt 0:00:20]} 1-0

[Event "21st Dubai Open 2019"]
[Site "Dubai"]
[Date "2019.04.09"]
[Round "9.17"]
[White "Sindarov, Javokhir"]
[Black "Nitin, S.."]
[Result "1-0"]
[WhiteElo "2495"]
[BlackElo "2400"]
[Annotator "TA"]
[PlyCount "95"]
[EventDate "2019.04.01"]
[EventType "swiss"]
[EventCountry "UAE"]
[SourceTitle "playchess.com"]
[Source "ChessBase"]
[SourceQuality "1"]

{[%evp 16,95,-7,-10,-20,-20,-17,-11,-12,-32,4,2,2,8,3,0,12,14,0,5,32,47,34,38,31,32,79,97,77,68,66,29,64,9,23,6,56,37,101,108,198,196,192,197,219,191,266,256,254,264,257,253,261,243,278,234,202,204,193,156,183,200,207,248,273,260,294,289,262,200,181,126,574,579,545,558,869,868,857,842,5118,5114]} 1. e4 c5 2. Nc3 a6 3. g3 b5 {[%cal Bb7b5,Bb5b4][%mdl 32]} 4. Bg2 Bb7 5. Nge2 e6 6. d4 cxd4 7. Nxd4 Nf6 8. O-O b4 9. Na4 Bxe4 {B43: Sicilian: Kan Variation: 5 Nc3} 10. Bxe4 Nxe4 11. c4 (11. Re1 d5 12. Qh5 Qf6 13. Be3 Nd7 14. f3 g6 15. Qg4 h5 16. Qh3 Nd6 17. Rad1 Be7 18. Nxe6 Qxe6 19. Qg2 Nf5 20. Bg5 Qc6 21. Bxe7 Nxe7 22. Qe2 O-O {0-1 (22) Jovanovic,Z (2534)-Andreikin,D (2737) Tallinn 2016}) 11... bxc3 {The position is equal.} 12. Re1 d5 13. Nxc3 {White wants to play Nxe6!} Be7 14. Nxe4 dxe4 15. Rxe4 O-O 16. Qb3 $36 {[%mdl 2048] Black must now prevent Qb7. White has the initiative.} Bf6 17. Be3 Qd5 $146 18. Qxd5 exd5 19. Rf4 Nd7 20. Rd1 Be5 21. Rf3 Rfe8 22. b3 Rac8 23. Kg2 g6 24. Rd2 (24. Ne2 $14) 24... Bg7 25. Nc2 Nf6 {...Ne4 is the strong threat.} (25... Ne5 $5) 26. Nb4 {[%mdl 64] Double Attack} Ne4 ({Black should play} 26... Red8 $1 $14) 27. Rxd5 Re6 (27... Bf8 $16 {is a better defense.}) 28. Rd7 $1 $18 f5 29. Ra7 Bf8 30. Nxa6 ({Less strong is} 30. Rxa6 Rxa6 31. Nxa6 Ra8 $14) 30... Rc2 (30... Re7 {might work better.}) 31. a4 Rcc6 32. Nc7 Re7 33. Nb5 Rxa7 34. Bxa7 Bb4 35. Rd3 Rc2 36. Rd8+ Kf7 37. Be3 Rb2 38. Rd7+ Ke6 39. Rd1 g5 40. Bb6 Kf7 41. a5 {[%cal Ba4a5,Ba5a6,Ba6a7][%mdl 32]} Ra2 42. Rd5 Kg6 43. Nc7 (43. g4 $18) 43... Be1 $2 {[%mdl 8192]} (43... Nxf2 $16 {is a better chance.} 44. Bxf2 Be1) 44. a6 {White is clearly winning.} Bxf2 {[#]} 45. Ra5 $1 Rd2 46. Bxf2 Nxf2 {[#]} 47. Kf1 $1 f4 48. a7 {Accuracy: White = 74%, Black = 35%.} 1-0

[Event "21st Dubai Open 2019"]
[Site "Dubai"]
[Date "2019.04.09"]
[Round "9.18"]
[White "Nguyen, Anh Khoi"]
[Black "Hedman, Erik"]
[Result "1-0"]
[WhiteElo "2481"]
[BlackElo "2385"]
[Annotator "TA"]
[PlyCount "119"]
[EventDate "2019.04.01"]
[EventType "swiss"]
[EventCountry "UAE"]
[SourceTitle "playchess.com"]
[Source "ChessBase"]
[SourceQuality "1"]

{[%evp 17,119,30,24,26,43,45,41,16,33,16,29,35,29,13,18,18,17,25,26,0,0,0,29,15,21,0,0,-22,0,-7,39,-80,72,66,59,47,51,50,89,102,112,110,101,110,110,115,126,127,138,138,138,138,139,142,196,194,193,195,193,193,196,196,224,195,283,262,256,252,252,246,341,234,244,244,228,213,227,204,212,211,209,160,160,126,227,227,227,220,227,227,227,227,227,227,542,324,329,227,227,227,227,227,227,227]} 1. d4 d5 2. c4 e6 3. Nf3 Nf6 4. g3 c5 5. cxd5 exd5 6. Bg2 Nc6 7. O-O Be7 8. dxc5 Bxc5 9. Qc2 Bb6 10. Nc3 {D30: Queen's Gambit Declined: Systems without Nc3} h6 11. Na4 O-O 12. Nxb6 {White is slightly better.} Qxb6 13. b3 Re8 $146 ({Predecessor:} 13... Be6 14. Bb2 Ne4 15. Qd1 Rfc8 16. Rc1 a5 17. Nd2 Rd8 {1-0 (38) Gajewski,G (2653)-Koch,J (2473) Haguenau 2013}) 14. Bb2 Ne4 15. Rad1 Bf5 16. Qc1 Rad8 17. Nd4 Bg6 18. Qa1 {Threatening Nxc6.} f6 19. Rc1 Nd2 20. Rfd1 Ne4 21. e3 Ne5 22. f3 Nc5 23. Rc3 $1 Ned3 24. Ba3 {[#]} (24. Bc1 $1 $14 {keeps the upper hand.}) 24... a5 $2 (24... Ne6 $1 $17 {[%cal Re6d4] and life is bright.} 25. Rc2 (25. Rdxd3 Bxd3 26. Rxd3 Qa6 $17) 25... Nxd4 26. Qxd4 Rxe3 27. Qxb6 axb6) 25. Bxc5 $16 Nxc5 26. Qc1 $36 {[%mdl 2048] White fights for an advantage.} Ne6 27. Kf2 a4 28. bxa4 Ra8 29. f4 Be4 30. Bxe4 dxe4 31. Qc2 Nxd4 32. Rxd4 Kh8 33. Rxe4 Rxe4 34. Qxe4 {[%mdl 4096] Endgame KQR-KQR} Qb2+ 35. Rc2 Qa3 (35... Qb6 $16 36. Rd2 Qc7) 36. Qxb7 $18 Qxa4 37. Rc8+ Rxc8 38. Qxc8+ {KQ-KQ} Kh7 39. Qf5+ g6 40. Qb1 f5 (40... h5 {keeps fighting.} 41. Qb3 Qd7) 41. Qb7+ Kh8 42. Qb2+ Kh7 43. Qb3 Qc6 44. Qd1 Qe6 45. Qc2 Qd5 46. Kg1 Kg7 47. a4 g5 48. fxg5 hxg5 49. Qc3+ Kg6 50. Qe1 Qa2 (50... g4 $16 51. a5 Kg7) 51. a5 Kh6 52. h3 Kg6 53. g4 {Hoping for gxf5+.} f4 54. exf4 gxf4 55. Qe4+ Kg5 $2 (55... Kg7 {is a better chance.} 56. Qe7+ Kg8 57. Qg5+ Kh7) 56. Qe7+ Kg6 57. Qe5 f3 {[%csl Gf3][%cal Ra2g2] White is clearly better.} 58. Qf5+ Kg7 {[%csl Gf3][%cal Ra2g2]} 59. Qxf3 Qxa5 {[#]} 60. Qe3 $1 {Accuracy: White = 76%, Black = 42%.} 1-0

[Event "21st Dubai Open 2019"]
[Site "Dubai"]
[Date "2019.04.09"]
[Round "9.19"]
[White "Sadhwani, Raunak"]
[Black "Assaubayeva, Bibisara"]
[Result "1/2-1/2"]
[WhiteElo "2475"]
[BlackElo "2381"]
[Annotator "ChessBase"]
[PlyCount "83"]
[EventDate "2019.04.01"]
[EventType "swiss"]
[EventCountry "UAE"]
[SourceTitle "playchess.com"]
[Source "ChessBase"]
[SourceQuality "1"]
[TimeControl "5400+30"]

1. d4 {[%emt 0:00:00]} d5 {[%emt 0:00:34]} 2. Nf3 {[%emt 0:00:00]} Nf6 {[%emt 0:00:09]} 3. Bf4 {[%emt 0:00:00]} Bf5 {[%emt 0:01:27]} 4. e3 {[%emt 0:01:35]} e6 {[%emt 0:00:14]} 5. Be2 {[%emt 0:00:14]} Bd6 {[%emt 0:02:55]} 6. Ne5 {[%emt 0:00:10]} Nfd7 {[%emt 0:06:12]} 7. g4 {[%emt 0:09:06]} Be4 {[%emt 0:01:27]} 8. f3 {[%emt 0:00:10]} Bg6 {[%emt 0:00:28]} 9. h4 {[%emt 0:01:58]} Bxe5 {[%emt 0:05:33]} 10. dxe5 {[%emt 0:00:07]} h5 {[%emt 0:00:53]} 11. Bg5 {[%emt 0:03:16]} f6 {[%emt 0:07:44]} 12. exf6 {[%emt 0:01:52]} gxf6 {[%emt 0:00:40]} 13. gxh5 {[%emt 0:00:20]} fxg5 {[%emt 0:04:18]} 14. hxg6 {[%emt 0:00:16]} gxh4 {[%emt 0:01:05]} 15. Qd4 {[%emt 0:11:23]} Qf6 {[%emt 0:02:14]} 16. Qb4 {[%emt 0:00:54]} b6 {[%emt 0:06:21]} 17. Nc3 {[%emt 0:00:17]} Nc5 {[%emt 0:13:20]} 18. Nb5 {[%emt 0:16:29]} Nc6 {[%emt 0:05:19]} 19. Qa3 {[%emt 0:00:13]} Kd7 {[%emt 0:04:30]} 20. O-O-O {[%emt 0:00:49]} a6 {[%emt 0:00:25]} 21. Nc3 {[%emt 0:12:06]} Qxg6 {[%emt 0:03:39]} 22. Rhg1 {[%emt 0:02:00]} Qh6 {[%emt 0:03:23]} 23. f4 {[%emt 0:03:30]} Kc8 {[%emt 0:05:43]} 24. b4 {[%emt 0:00:42]} Nb7 {[%emt 0:00:37]} 25. b5 {[%emt 0:00:53]} Ncd8 {[%emt 0:02:16]} 26. bxa6 {[%emt 0:04:51]} Nc5 {[%emt 0:00:12]} 27. Na4 {[%emt 0:01:57]} Ne4 {[%emt 0:03:39]} 28. Nc3 {[%emt 0:01:09]} Nc5 {[%emt 0:00:22]} 29. Na4 {[%emt 0:04:17]} Ne4 {[%emt 0:00:14]} 30. Bd3 {[%emt 0:06:12]} Qf8 {[%emt 0:02:53]} 31. Qb2 {[%emt 0:02:55]} Qf6 {[%emt 0:00:25]} 32. Bxe4 {[%emt 0:01:31]} Qxb2+ {[%emt 0:00:05]} 33. Kxb2 {[%emt 0:00:04]} dxe4 {[%emt 0:00:08]} 34. Nc3 {[%emt 0:00:02]} Rxa6 {[%emt 0:02:37]} 35. Nxe4 {[%emt 0:00:02]} Ra5 {[%emt 0:01:45]} 36. Rg5 {[%emt 0:01:11]} Rf5 {[%emt 0:01:12]} 37. Rxf5 {[%emt 0:03:55]} exf5 {[%emt 0:00:02]} 38. Ng5 {[%emt 0:00:00]} Re8 {[%emt 0:02:38]} 39. Re1 {[%emt 0:00:20]} Ne6 {[%emt 0:01:16]} 40. Nf3 {[%emt 0:00:01]} h3 {[%emt 0:02:01]} 41. Rh1 {[%emt 0:00:08]} Nc5 {[%emt 0:00:31]} 42. Ne5 {[%emt 0:04:20]} 1/2-1/2

[Event "21st Dubai Open 2019"]
[Site "Dubai"]
[Date "2019.04.09"]
[Round "9.20"]
[White "Darini, Pouria"]
[Black "Mulenga, Prince Daniel"]
[Result "1/2-1/2"]
[WhiteElo "2455"]
[BlackElo "2252"]
[Annotator "ChessBase"]
[PlyCount "74"]
[EventDate "2019.04.01"]
[EventType "swiss"]
[EventCountry "UAE"]
[SourceTitle "playchess.com"]
[Source "ChessBase"]
[SourceQuality "1"]
[TimeControl "5400+30"]

1. d4 {[%emt 0:00:00]} Nf6 {[%emt 0:00:00]} 2. Bf4 {[%emt 0:00:00]} g6 {[%emt 0:01:07]} 3. Nc3 {[%emt 0:00:00]} Bg7 {[%emt 0:00:12]} 4. e4 {[%emt 0:00:00]} d6 {[%emt 0:00:13]} 5. Qd2 {[%emt 0:00:00]} c6 {[%emt 0:01:36]} 6. Nf3 {[%emt 0:00:07]} h6 {[%emt 0:00:58]} 7. h3 {[%emt 0:00:30]} b5 {[%emt 0:01:22]} 8. Bd3 {[%emt 0:05:00]} Nfd7 {[%emt 0:06:19]} 9. e5 {[%emt 0:15:29]} dxe5 {[%emt 0:03:11]} 10. Nxe5 {[%emt 0:00:01]} Qb6 {[%emt 0:06:36]} 11. Nf3 {[%emt 0:09:30]} b4 {[%emt 0:06:11]} 12. Ne4 {[%emt 0:03:08]} Ba6 {[%emt 0:12:05]} 13. O-O {[%emt 0:12:25]} Bxd3 {[%emt 0:00:10]} 14. cxd3 {[%emt 0:04:36]} g5 {[%emt 0:02:51]} 15. Bh2 {[%emt 0:10:11]} Na6 {[%emt 0:13:13]} 16. Rac1 {[%emt 0:02:13]} O-O {[%emt 0:02:06]} 17. h4 {[%emt 0:02:34]} f5 {[%emt 0:08:12]} 18. Nc5 {[%emt 0:00:25]} Ndxc5 {[%emt 0:00:28]} 19. dxc5 Nxc5 {[%emt 0:00:01]} 20. hxg5 {[%emt 0:01:04]} Rad8 {[%emt 0:00:45]} 21. Qe3 {[%emt 0:02:51]} Nxd3 {[%emt 0:02:20]} 22. Qe6+ {[%emt 0:00:27]} Kh8 {[%emt 0:00:00]} 23. Rxc6 {[%emt 0:02:00]} Qb5 {[%emt 0:00:44]} 24. Nh4 {[%emt 0:01:28]} hxg5 {[%emt 0:01:41]} 25. Ng6+ {[%emt 0:00:21]} Kh7 {[%emt 0:00:01]} 26. Nxf8+ {[%emt 0:00:31]} Rxf8 {[%emt 0:00:01]} 27. Rc7 {[%emt 0:04:20]} Bf6 {[%emt 0:01:59]} 28. Rxe7+ {[%emt 0:00:05]} Bxe7 {[%emt 0:00:04]} 29. Qxe7+ {[%emt 0:00:05]} Kg8 {[%emt 0:00:02]} 30. Qxg5+ {[%emt 0:00:11]} Kh7 {[%emt 0:00:13]} 31. Rd1 {[%emt 0:00:45]} Re8 {[%emt 0:00:47]} 32. Bd6 {[%emt 0:05:01]} Re4 {[%emt 0:05:24]} 33. Qg3 {[%emt 0:07:46]} Nxb2 {[%emt 0:04:50]} 34. Bf8 {[%emt 0:00:48]} Qb7 {[%emt 0:06:15]} 35. Rd8 {[%emt 0:02:14]} Rg4 {[%emt 0:03:14]} 36. Qh3+ {[%emt 0:00:42]} Kg6 {[%emt 0:01:35]} 37. Qh6+ {[%emt 0:00:10]} Kf7 {[%emt 0:00:02]} 1/2-1/2

[Event "21st Dubai Open 2019"]
[Site "Dubai"]
[Date "2019.04.09"]
[Round "9.21"]
[White "Quizon, Daniel"]
[Black "Divya Deshmukh"]
[Result "1/2-1/2"]
[WhiteElo "2340"]
[BlackElo "2432"]
[Annotator "NA"]
[PlyCount "91"]
[EventDate "2019.04.01"]
[EventType "swiss"]
[EventCountry "UAE"]
[SourceTitle "playchess.com"]
[Source "ChessBase"]
[SourceQuality "1"]
[TimeControl "5400+30"]

1. e4 {[%emt 0:00:01]} c5 {[%emt 0:00:00]} 2. Nc3 {[%emt 0:00:25]} Nc6 {[%emt 0:00:00]} 3. Nge2 {[%emt 0:00:08]} Nd4 {[%emt 0:00:00]} 4. Nxd4 {[%emt 0:03:21]} cxd4 {[%emt 0:00:00]} 5. Ne2 {[%emt 0:00:12]} e5 {[%emt 0:00:00]} 6. c3 {[%emt 0:00:55]} dxc3 {[%emt 0:00:01]} 7. Nxc3 {[%emt 0:00:17]} Bc5 {[%emt 0:00:25]} 8. Bc4 {[%emt 0:07:59]} Nf6 {[%emt 0:00:10]} 9. O-O {[%emt 0:00:38]} O-O {[%emt 0:01:06]} 10. d3 {[%emt 0:00:17]} h6 {[%emt 0:00:04]} 11. Kh1 {[%emt 0:06:57]} d6 {[%emt 0:02:16]} 12. f4 {[%emt 0:03:19]} Be6 {[%emt 0:10:24]} 13. f5 {[%emt 0:07:06]} Bxc4 {[%emt 0:00:21]} 14. dxc4 {[%emt 0:00:06]} Bd4 {[%emt 0:05:38]} 15. Nd5 {[%emt 0:04:13]} Rc8 {[%emt 0:15:21]} 16. Nxf6+ {[%emt 0:01:15]} (16. Qd3 $11) 16... Qxf6 $15 {[%emt 0:00:07]} 17. Qd3 {[%emt 0:15:42]} b6 {[%emt 0:03:31]} 18. Rb1 {[%emt 0:00:41]} Rc6 {[%emt 0:09:35]} 19. a4 {[%emt 0:01:16]} Rfc8 {[%emt 0:12:04]} 20. b3 {[%emt 0:00:32]} a6 {[%emt 0:00:03]} 21. Bd2 {[%emt 0:01:19]} Rb8 {[%emt 0:05:08]} 22. Rf3 {[%emt 0:02:59]} b5 {[%emt 0:05:00]} 23. cxb5 {[%emt 0:05:39]} axb5 {[%emt 0:00:21]} 24. a5 {[%emt 0:00:44]} b4 {[%emt 0:07:13]} 25. Rh3 {[%emt 0:01:37]} d5 {[%emt 0:12:28]} 26. exd5 {[%emt 0:05:04]} Rc5 {[%emt 0:00:30]} 27. Qe4 {[%emt 0:01:57]} Rxa5 {[%emt 0:00:31]} 28. Qg4 {[%emt 0:01:18]} Rba8 {[%emt 0:04:16]} 29. Rf3 {[%emt 0:10:51]} Rxd5 {[%emt 0:01:42]} 30. Bxb4 {[%emt 0:01:46]} Rd7 {[%emt 0:04:27]} 31. Rbf1 {[%emt 0:01:24]} Bb2 {[%emt 0:01:22]} 32. Bc5 {[%emt 0:01:33]} Rad8 {[%emt 0:00:29]} 33. Rg3 {[%emt 0:05:53]} Bd4 {[%emt 0:00:30]} 34. Bb4 {[%emt 0:00:36]} Bf2 {[%emt 0:00:10]} 35. Ba5 {[%emt 0:05:36]} Bxg3 {[%emt 0:00:36]} 36. Bxd8 {[%emt 0:00:10]} Rxd8 {[%emt 0:00:05]} 37. hxg3 {[%emt 0:00:29]} Rd3 {[%emt 0:00:48]} 38. Rb1 {[%emt 0:02:23]} Qd6 {[%emt 0:01:44]} 39. Kh2 {[%emt 0:01:12]} Rd4 {[%emt 0:00:19]} 40. Qe2 {[%emt 0:00:32]} e4 {[%emt 0:00:19]} 41. Rf1 {[%emt 0:00:38]} Qd5 {[%emt 0:00:36]} 42. Rf4 {[%emt 0:00:27]} Kh7 {[%emt 0:00:41]} 43. Qe3 {[%emt 0:00:43]} Rb4 {[%emt 0:00:37]} 44. Qe1 {[%emt 0:00:18]} Rxb3 {[%emt 0:00:24]} 45. Qxe4 {[%emt 0:00:09]} Qxe4 {[%emt 0:00:07]} 46. Rxe4 {[%emt 0:00:09]} 1/2-1/2

[Event "21st Dubai Open 2019"]
[Site "Dubai"]
[Date "2019.04.09"]
[Round "9.22"]
[White "Shyaamnikhil P"]
[Black "Pranav Vijay"]
[Result "1-0"]
[WhiteElo "2429"]
[BlackElo "2265"]
[Annotator "TA"]
[PlyCount "71"]
[EventDate "2019.04.01"]
[EventType "swiss"]
[EventCountry "UAE"]
[SourceTitle "playchess.com"]
[Source "ChessBase"]
[SourceQuality "1"]

{[%evp 10,70,12,11,15,1,10,14,16,0,9,-8,0,-9,0,-18,22,0,8,-16,0,0,16,-4,23,10,45,40,59,43,61,67,74,66,74,75,107,46,41,39,51,49,75,72,125,121,127,90,221,226,291,239,318,316,506,456,948,885,29997,74,29998,29999,29999]} 1. g3 e5 2. c4 c6 3. Nf3 d6 4. Nc3 f5 5. d4 e4 6. Ng5 Be7 $146 {A21: English Opening: 1...e5 2 Nc3} (6... Nf6 7. Nh3 d5 8. cxd5 Nxd5 9. Nf4 Nxf4 10. Bxf4 Bd6 11. e3 O-O 12. Qb3+ Kh8 13. O-O-O Bxf4 14. gxf4 Qh4 {½-½ (31) Romanov,E (2608)-Moiseenko,A (2640) Tallinn 2019}) 7. h4 Nf6 8. Nh3 O-O {The position is equal.} 9. Nf4 Na6 10. a3 Nc7 11. d5 Nd7 12. f3 exf3 13. exf3 Bf6 14. Bd2 Re8+ 15. Kf2 Ne5 16. Nh5 Be7 17. Kg2 c5 18. Nf4 Bf8 19. b3 g6 20. Nh3 Nf7 21. Qc2 Qf6 22. Bd3 Bh6 23. Ng5 (23. Bxh6 $16 Nxh6 24. Rae1) 23... Ne5 $1 $14 24. Be2 $36 {[%mdl 2048] Black is under pressure.} Bg7 25. Rae1 h6 26. Nh3 Nf7 {[#]} (26... Rb8 $142) 27. h5 $1 $16 g5 {[#]} 28. f4 $1 g4 (28... Bd7 $16 {was called for.}) 29. Nf2 $18 Bd7 30. Bd3 Rf8 31. Ncd1 {aiming for Bc3.} Nh8 $2 {[#]} (31... Nd8 32. Nxg4 Qf7) 32. Nxg4 $1 {[%mdl 512]} fxg4 (32... Qf7 $142 33. Nde3 b5) 33. Bc3 Qd8 34. Bh7+ Kf7 {[#]} 35. Qg6+ $1 {[%mdl 512]} Nxg6 36. hxg6# {Accuracy: White = 63%, Black = 34%.} 1-0

[Event "21st Dubai Open 2019"]
[Site "Dubai"]
[Date "2019.04.09"]
[Round "9.23"]
[White "Tokhirjonova, Gulrukhbegim"]
[Black "Praveen Kumar C"]
[Result "1-0"]
[WhiteElo "2427"]
[BlackElo "2225"]
[Annotator "NA"]
[PlyCount "127"]
[EventDate "2019.04.01"]
[EventType "swiss"]
[EventCountry "UAE"]
[SourceTitle "playchess.com"]
[Source "ChessBase"]
[SourceQuality "1"]
[TimeControl "5400+30"]

1. e4 {[%emt 0:00:00]} c5 {[%emt 0:00:00]} 2. Nf3 {[%emt 0:00:00]} d6 {[%emt 0:00:00]} 3. d4 {[%emt 0:00:38]} cxd4 {[%emt 0:00:00]} 4. Nxd4 {[%emt 0:00:03]} Nf6 {[%emt 0:00:00]} 5. Nc3 {[%emt 0:00:11]} a6 {[%emt 0:00:00]} 6. a4 {[%emt 0:00:19]} e5 {[%emt 0:01:33]} 7. Nf3 {[%emt 0:00:23]} Be7 {[%emt 0:16:02]} 8. Bg5 {[%emt 0:02:03]} Bg4 {[%emt 0:02:23]} 9. Bxf6 {[%emt 0:03:05]} Bxf6 {[%emt 0:00:10]} 10. Nd5 {[%emt 0:00:10]} Nd7 {[%emt 0:03:14]} 11. Ne3 {[%emt 0:05:43]} Bxf3 {[%emt 0:07:41]} 12. Qxf3 {[%emt 0:00:56]} Qb6 {[%emt 0:10:07]} 13. Nc4 {[%emt 0:11:49]} Qc6 {[%emt 0:01:58]} 14. Bd3 $14 {[%emt 0:05:22]} Nc5 {[%emt 0:02:56]} 15. O-O {[%emt 0:01:20]} O-O {[%emt 0:02:13]} 16. a5 {[%emt 0:00:29]} Bd8 {[%emt 0:01:09]} 17. Rfd1 {[%emt 0:05:26]} b5 {[%emt 0:03:37]} 18. axb6 {[%emt 0:04:02]} Bxb6 {[%emt 0:00:12]} 19. Bf1 {[%emt 0:00:16]} Rfd8 {[%emt 0:02:13]} 20. Rd5 {[%emt 0:01:57]} Ne6 {[%emt 0:00:59]} 21. Qd1 {[%emt 0:10:36]} Bc5 {[%emt 0:03:42]} 22. c3 {[%emt 0:01:27]} a5 {[%emt 0:07:11]} 23. Rxa5 {[%emt 0:07:12]} Rxa5 {[%emt 0:01:55]} 24. Nxa5 {[%emt 0:00:06]} Qb6 {[%emt 0:00:12]} 25. Nc4 {[%emt 0:00:12]} Bxf2+ {[%emt 0:00:15]} 26. Kh1 {[%emt 0:00:03]} Qb7 {[%emt 0:05:33]} 27. b4 {[%emt 0:02:16]} Ra8 {[%emt 0:02:31]} 28. Nxd6 {[%emt 0:01:40]} Qe7 {[%emt 0:00:46]} 29. Qf3 {[%emt 0:03:57]} Ra2 {[%emt 0:01:36]} 30. Bc4 {[%emt 0:01:06]} Ra1+ {[%emt 0:03:56]} 31. Rd1 {[%emt 0:00:04]} Rxd1+ {[%emt 0:00:19]} 32. Qxd1 {[%emt 0:00:05]} Bb6 {[%emt 0:00:07]} 33. Nc8 {[%emt 0:07:36]} Qc7 {[%emt 0:00:41]} 34. Nxb6 {[%emt 0:00:36]} Qxb6 {[%emt 0:00:03]} 35. Bxe6 {[%emt 0:02:24]} fxe6 {[%emt 0:00:07]} 36. Qe2 {[%emt 0:00:47]} Qc6 {[%emt 0:00:41]} 37. c4 {[%emt 0:00:46]} Qa4 {[%emt 0:00:05]} 38. Qe1 {[%emt 0:00:08]} Qc2 {[%emt 0:00:09]} 39. c5 {[%emt 0:00:26]} h6 {[%emt 0:00:09]} 40. h3 {[%emt 0:00:15]} Kh7 {[%emt 0:00:09]} 41. Kh2 {[%emt 0:00:16]} Kg8 {[%emt 0:00:08]} 42. Qh4 {[%emt 0:09:01]} Kh7 {[%emt 0:00:21]} 43. Qe1 {[%emt 0:02:13]} Kg8 {[%emt 0:00:06]} 44. Qe3 {[%emt 0:00:49]} Qc4 {[%emt 0:00:19]} 45. Qd2 {[%emt 0:03:15]} Kf7 {[%emt 0:03:26]} 46. Qd7+ {[%emt 0:01:24]} Kf6 {[%emt 0:00:55]} 47. Qd8+ {[%emt 0:00:07]} Kf7 {[%emt 0:00:07]} 48. Qd7+ {[%emt 0:02:55]} Kf6 {[%emt 0:00:09]} 49. Qe8 {[%emt 0:00:30]} Qxe4 {[%emt 0:01:08]} 50. Qf8+ {[%emt 0:00:07]} Kg6 {[%emt 0:00:06]} 51. b5 {[%emt 0:00:03]} Qb4 {[%emt 0:01:13]} 52. b6 {[%emt 0:00:02]} e4 {[%emt 0:00:14]} 53. Qf4 {[%emt 0:00:27]} Kh7 {[%emt 0:00:36]} 54. Qe5 {[%emt 0:00:36]} Kh8 {[%emt 0:00:32]} 55. Qb8+ {[%emt 0:03:23]} Kh7 {[%emt 0:00:08]} 56. Qf4 {[%emt 0:00:09]} Kg8 {[%emt 0:00:19]} 57. Qd6 {[%emt 0:01:14]} Kh7 {[%emt 0:00:17]} 58. Qxe6 {[%emt 0:01:14]} Qxc5 {[%emt 0:00:06]} 59. Qxe4+ {[%emt 0:00:03]} Kh8 {[%emt 0:00:12]} 60. b7 {[%emt 0:00:11]} Qd6+ {[%emt 0:00:21]} 61. Kg1 {[%emt 0:00:56]} Qd1+ {[%emt 0:00:36]} 62. Kf2 {[%emt 0:00:01]} Qd2+ {[%emt 0:00:14]} 63. Kg3 {[%emt 0:00:52]} Qd6+ {[%emt 0:00:07]} 64. Qf4 {[%emt 0:00:33]} 1-0